Existentialisme Théologique

Salvato in:
Dettagli Bibliografici
Autore principale: Castelli, Enrico (Autore)
Natura: Libro
Lingua:francese
Pubblicazione: París Hermann 1948
Serie:Actualites Scientifique et Industrielles, 1049. Études Philosophiques
Soggetti:
Tags: Aggiungi Tag
Nessun Tag, puoi essere il primo ad aggiungerne!!

MARC

LEADER 00000nam a2200000 a 4500
001 UCZ5237
003 CL-VaPUC
008 951117e19480000FR |||||||||||||||||fre|d
082 0 4 |a 142.78  |b CAS  |2 21 
100 |a Castelli, Enrico  |e author  |9 329687 
245 1 0 |a Existentialisme Théologique 
300 |a 96 p 
942 |c BK 
945 |d 19951117 00:00:00  |a cmena 
260 |a París  |b Hermann  |c 1948 
650 0 |a Existencialismo  |9 265698 
650 0 |a Teología   |9 258766 
650 0 |a Escuelas filosóficas   |9 266232 
650 0 |a Cristianismo  |9 257361 
650 0 |a Filosofía medieval  |9 256245 
583 |a last modification  |c 19951117 00:00:00  |k Rodrigo Vera 
490 0 |a Actualites Scientifique et Industrielles, 1049. Études Philosophiques 
999 |c 241557  |d 241555 
952 |0 0  |1 0  |4 0  |6 142_780000000000000_CAS_1948  |7 0  |8 P  |9 253910  |a BIBEDU  |b BIBEDU  |c BIBEDU_PB  |d 2019-11-19  |i 1573144  |o 142.78 CAS 1948  |p 1573144  |r 2024-01-25  |w 2019-11-19  |y BK  |k FIL